LEADER 01029nam a2200253 i 4500 001 000000147016 003 CaOOAMICUS 005 20060119000000.0 008 060119s1986 it u000 u ita u 013 $a123950 020 $a88-311-2412-9 040 $aSeMil$bita 245 10$aDialoghi sulla laicità :$bla profezia del popolo di Dio sul mondo /$cM. Castelli ... [et al.]. 250 $a2. ed. riveduta e ampliata. 260 $aRoma :$bCittà Nuova,$c1986. 300 $a278 p. ;$c20 cm. 500 $aContiene : Bibliografia. 650 4$aLaicato - Teologia.$0(OLS)http://semarc/subject/5571 700 1 $aCastelli, Mario.$0(OLS)http://semarc/name/40532 850 $aSeMil 852 $aSeMil$W1$xVenegono$y1$m2RA II 49$j99616$B99616$CSeMilBibl$Z2$F108048 $81 996 $6020$a88-311-2412-9$9(OLS)http://semarc/number/69942 996 $6245$aDialoghi sulla laicità :$bla profezia del popolo di Dio sul mondo$9(OLS)http://semarc/title/190403 996 $6260$aRoma :$bCittà Nuova$9(OLS)http://semarc/publisher/29609 LEADER 01217nam a2200265 i 4500 001 000000036053 003 CaOOAMICUS 005 19931231000000.0 008 931231n xx u000 u ger u 013 $a5159 020 $a3727806842 040 $aSeMil$bita 100 1 $aPerler, Othmar.$0(OLS)http://semarc/name/125 245 10$aSapientia et caritas :$bgesammelte Aufsätze zum 90. Geburtstag. 490 0 $aParadosis : études de littérature et de théologie anciennes = Paradosis : contributions to the history of Early Christian literature and theology ;$v29 650 4$aArcheologia cristiana.$0(OLS)http://semarc/subject/730 650 4$aPatristica - Studi.$0(OLS)http://semarc/subject/3628 700 1 $aDamme, Dirk : van.$0(OLS)http://semarc/name/16926 700 1 $aWermelinger, Otto.$0(OLS)http://semarc/name/126 830 0$aParadosis ;$v29.$0(OLS)http://semarc/title/420187 850 $aSeMil 852 $aSeMil$W1$xVenegono$y1$m2N IV 229$j2208$B2208$CSeMilBibl$Z2$F2208 $81 961 $aAcquisto: Casa editrice 996 $6020$a3727806842$9(OLS)http://semarc/number/4519 996 $6245$aSapientia et caritas :$bgesammelte Aufsätze zum 90. Geburtstag$9(OLS)http://semarc/title/49692